书目信息 |
| 题名: |
中小学教师应用心理学
|
|
| 作者: | 弗里德曼 , Фридман , 沃尔科夫 , Волков 著 ;李国辰 译 | |
| 分册: | ||
| 出版信息: | 北京 人民教育出版社 1993.2 |
|
| 页数: | 263页 | |
| 开本: | 20cm | |
| 丛书名: | ||
| 单 册: | ||
| 中图分类: | G44 | |
| 科图分类: | 38.14 | |
| 主题词: | 中学-教育心理学 , 教育心理学-中学 , 小学-教育心理学 , 教育心理学-小学 | |
| 电子资源: | ||
| ISBN: | 7-107-10869-7 | |
| 000 | 01429nam0 2200361 45 | |
| 001 | 1550765001 | |
| 005 | 20150124140634.93 | |
| 010 | @a7-107-10869-7@dCNY5.10 | |
| 092 | @a社科305-173 | |
| 100 | @a19930806d1993 em y0chiy0121 ea | |
| 101 | 1 | @achi@crus |
| 102 | @aCN@b110000 | |
| 105 | @ay z 000yy | |
| 200 | 10 | @a中小学教师应用心理学@AZHONG XIAO XUE JIAO SHI YING YONG XIN LI XUE@f(苏)弗里德曼(Фридман,Л.М.),(苏)沃尔科夫(Волков,К.Н.)著@F( SU ) FU LI DE MAN (Фридман,Л.М.),( SU ) WO ER KE FU (Волков,К.Н.) ZHU@g李国辰译 |
| 210 | @a北京@c人民教育出版社@d1993.2 | |
| 215 | @a263页@d20cm | |
| 300 | @a书名原文:Психологическая наука:учителю | |
| 330 | @a本书反映了苏联教育心理学的最新成果,作者立足于中小学生的年龄特点和个性的结合及班集体社会心理来揭示中小学教育心理学的一些基本问题。 | |
| 510 | 1 | @aПсихологическая наука@eучителю@zrus |
| 540 | 1 | @a教师 心理@AJIAO SHI XIN LI |
| 606 | @a中学-教育心理学 | |
| 606 | @a教育心理学-中学 | |
| 606 | @a小学-教育心理学 | |
| 606 | @a教育心理学-小学 | |
| 690 | @aG44@v三版 | |
| 692 | @a38.14 | |
| 701 | 1 | @a弗里德曼@AFU LI DE MAN@bЛ.М.@4著 |
| 701 | A1 | @aФридман@bЛ.М.@4著 |
| 701 | 1 | @a沃尔科夫@AWO ER KE FU@bК.Н.@4著 |
| 701 | A1 | @aВолков@bК.Н.@4著 |
| 702 | 0 | @a李国辰@ALI GUO CHEN@4译 |
| 801 | 0 | @aCN@bTSSF@c19930806 |
| 905 | @aZUCC@dG44@eJY6 | |
| 中小学教师应用心理学/(苏)弗里德曼(Фридман,Л.М.),(苏)沃尔科夫(Волков,К.Н.)著/李国辰译.-北京:人民教育出版社,1993.2 |
| 263页;20cm |
| 书名原文:Психологическая наука:учителю |
| ISBN 7-107-10869-7:CNY5.10 |
| 本书反映了苏联教育心理学的最新成果,作者立足于中小学生的年龄特点和个性的结合及班集体社会心理来揭示中小学教育心理学的一些基本问题。 |
| ● |
| 相关链接 |
|
|
|
|
正题名:中小学教师应用心理学
索取号:G44/JY6
 
预约/预借
| 序号 | 登录号 | 条形码 | 馆藏地/架位号 | 状态 | 备注 |
| 1 | 7859093 | 278590936 | 学院路分馆/ [索取号:G44/JY6] | 在馆 | |
| 2 | 7859094 | 278590945 | 学院路分馆/ [索取号:G44/JY6] | 在馆 |